Textbook of botany /

Bibliographic Details
Main Author: Transeau, Edgar Nelson, 1875-1960
Other Authors: Sampson, H. C. (Homer Cleveland), 1885-, Tiffany, L. H. (Lewis Hanford), 1894-
Format: Book
Language:English
Published: New York, London : Harper & brothers, [1940]
Subjects:

MARC

Tag First Indicator Second Indicator Subfields
LEADER 00000cam a2200000 4500
001 in00000051153
005 20151007065903.0
008 730206s1940 nyu b 00000 eng u
010 |a  40035973  
035 |a (OCoLC)00552904 
035 |9 AAE2898AM 
040 |c WSU  |d TXA  |d UtOrBLW 
049 |a TXAM  |c [122630] 
050 0 |a QK47  |b .T83 
092 |a 580  |b T772t 
100 1 |a Transeau, Edgar Nelson,  |d 1875-1960. 
245 1 0 |a Textbook of botany /  |c [by] E. N. Transear ... H. C. Sampson ... [and] L. H. Tiffany. 
264 1 |a New York,  |a London :  |b Harper & brothers,  |c [1940] 
264 4 |c [©1940] 
300 |a 812 pages 
336 |a text  |b txt  |2 rdacontent 
337 |a unmediated  |b n  |2 rdamedia 
338 |a volume  |b nc  |2 rdacarrier 
504 |a Bibliography at end of most of the chapters. 
650 0 |a Botany. 
700 1 |a Sampson, H. C.  |q (Homer Cleveland),  |d 1885- 
700 1 |a Tiffany, L. H.  |q (Lewis Hanford),  |d 1894- 
999 |a MARS 
999 f f |s 4105354a-27c9-3c53-815e-5c34351789b8  |i b5e9dd9f-e3df-39c2-b73f-d25c55d2f923  |t 0 
952 f f |p ric  |a Texas A&M University  |b Rellis Campus  |c Joint Library Facility  |d Remote Storage  |t 0  |e QK47 .T83  |h Library of Congress classification  |i unmediated -- volume  |m A14800984081 
998 f f |a QK47 .T83  |t 0  |l Remote Storage